000
00299 a2200145 4500
260
_a
Paris
260
_b
Vigot
245
_a
Soins en rééducation précoce
260
_c
1982
300
_a
159 p.
035
_a
8959
999
_c
18390
_d
18390